Click a Name, Make a Word II Quiz Stats

 Plays Quiz Updated Aug 12, 2015

Challenge
Share
Tweet
Embed
Score 0/20 Timer 05:00
4 Plays Today
% Correct
Ben
94.2%
Will
91.5%
Mark
89.4%
Tim
84.8%
Ellen
84.5%
Bob
83.1%
Rick
82.5%
Emma
82.3%
Jay
75.7%
Matt
73.6%
% Correct
Ray
69%
Carl
67.9%
Lana
67.2%
Dave
64.6%
Stu
60%
Sam
56%
Lisa
54.3%
Phil
50.8%
Cate
44.2%
Thom
39.6%

You're not logged in!

Compare scores with friends on all Sporcle quizzes.
OR
Log In

You Might Also Like...

Show Comments

Extras

Top Quizzes Today


Score Distribution

Your Account Isn't Verified!

In order to create a playlist on Sporcle, you need to verify the email address you used during registration. Go to your Sporcle Settings to finish the process.

Report this User

Report this user for behavior that violates our Community Guidelines.

Details: